000 nam a22 a 4500
999 _c153727
_d153727
003 BLK
005 20230404030251.0
008 180410b bul|||||r ||||||| ||bul||
010 _aKNG00160262000
040 _aBLK
041 _aBUL
_cBUL
080 _aБългарска литература
_b821.163.2
_x-32
_z821.163.2-32
100 1 _aВасилев, Орлин
_gВасилев, Христо Петков
_9377390
139 _aВасилев, Орлин
_bВ 24
245 1 0 _aПрости сърца
_bРазкази
_cОрлин Василев
257 _aBGR
260 _aСофия
_bБълг. писател
_c1961
300 _a208 с.
_c20 см
380 _aX
852 _aЦб 20465
856 4 _qpdf
856 4 _qpdf
942 _cKNG
_n0
_s1
944 _aCR
_c30.04.2014
_l30.04.2014 - от С1,Р / 30.04.2014
_kИван_Цеков
944 _aED
_c2021-12-23
_l2021-12-23
_kК.Д.